000 00500nam a2200169Ia 4500
003 GCL
008 140319s9999 xx 000 0 ara d
040 _aGCL /
_cGCL
082 0 4 _a813.03
_bى ا
100 1 _aيوسف السباعى
245 1 0 _aارض النفاق: الاعمال الادبية /
_cيوسف السباعى
300 _a285 ص
490 _aسلسلة مكتبة الاسرة
_v0
650 0 4 _aالادب العربى
650 0 4 _aالقصص العربية
942 _2ddc
_cBK
999 _c50172
_d50172